Danh hoạ Lê-Ô-Nac-Đô Đa Vin-Xi

Nội dung sách gồm 4 phần: Phần 1: Thời thơ ấu. Phần 2: Nơi bắt đầu sự nghiệp. Phần 3: Cuộc đời lưu lạc. Phần 4: Những ngày cuối đời.

Enregistré dans:
Détails bibliographiques
Auteur principal: Song Mai
Format: Livre
Langue:Undetermined
Publié: Hà Nội Văn hóa Thông tin 2005
Sujets:
Tags: Ajouter un tag
Pas de tags, Soyez le premier à ajouter un tag!
Thư viện lưu trữ: Trung tâm Học liệu Trường Đại học Cần Thơ
LEADER 00850nam a2200229Ia 4500
001 CTU_120108
008 210402s9999 xx 000 0 und d
020 |c 25000 
082 |a 700.92 
082 |b S431 
100 |a Song Mai 
245 0 |a Danh hoạ Lê-Ô-Nac-Đô Đa Vin-Xi 
245 0 |c Song Mai (Chủ biên) ; Mai Phương, Quỳnh Phương (Biên soạn) 
260 |a Hà Nội 
260 |b Văn hóa Thông tin 
260 |c 2005 
520 |a Nội dung sách gồm 4 phần: Phần 1: Thời thơ ấu. Phần 2: Nơi bắt đầu sự nghiệp. Phần 3: Cuộc đời lưu lạc. Phần 4: Những ngày cuối đời. 
650 |a Arts,Arts 
650 |x Persons 
650 |z Italia 
904 |i Hiếu 
980 |a Trung tâm Học liệu Trường Đại học Cần Thơ